[Event "Haut-Richelieu"]
[Site "Saint-Luc CAN"]
[Date "1997.05.17"]
[Round "1"]
[White "Filiatrault, Marc"]
[Black "Rousseau, Daniel"]
[Result "1/2-1/2"]
[WhiteElo "1731"]
[BlackElo "1988"]
[PlyCount "166"]
[GameId "2160767911965860"]
[EventDate "1997.05.16"]
[EventType "swiss"]
[EventRounds "5"]
[EventCountry "CAN"]
[SourceTitle "hb 2011"]

1. c4 Nf6 2. Nc3 g6 3. g3 Bg7 4. Bg2 O-O 5. d3 d6 6. a3 Nc6 7. e4 Nd4 8. Nge2 Bg4 9. O-O Bf3 10. Bxf3 Nxf3+ 11. Kg2 Ne5 12. h3 c5 13. Be3 e6 14. Qd2 Re8 15. f4 Nc6 16. Rae1 d5 17. cxd5 exd5 18. exd5 Nxd5 19. Bxc5 Qd7 20. Bg1 Rad8 21. d4 Na5 22. Nxd5 Qxd5+ 23. Kh2 Nc4 24. Qc1 Rc8 25. Nc3 Rxe1 26. Nxd5 Rxc1 27. Rxc1 Kf8 28. b3 Nd6 29. Rxc8+ Nxc8 30. g4 Nd6 31. a4 Ne4 32. Be3 Ke8 33. Kg2 Kd7 34. Kf3 f5 35. Nb4 Nc3 36. Nd3 Kd6 37. Ne5 Kd5 38. Bg1 b5 39. a5 Bf8 40. Nd7 Be7 41. Ke3 fxg4 42. hxg4 h5 43. f5 gxf5 44. gxh5 Bg5+ 45. Kf3 Ke6 46. Ne5 Nd5 47. Nc6 a6 48. Nb8 Bd2 49. Nxa6 Bxa5 50. Bh2 Kf6 51. Bf4 Bc3 52. Be3 f4 53. Bxf4 Bxd4 54. Ke4 Nxf4 55. Kxf4 Ke6 56. Nc7+ Kd7 57. Nxb5 Bb2 58. Ke4 Ke6 59. Nd4+ Kf6 60. Nf5 Kg5 61. h6 Bc3 62. Kd3 Bf6 63. Ne3 Bh8 64. h7 Kg6 65. Ke4 Kxh7 66. b4 Bc3 67. b5 Ba5 68. Nc4 Bd8 69. Ke5 Kg7 70. Ke6 Kf8 71. Kd7 Bh4 72. b6 Bf2 73. b7 Ba7 74. Kc7 Ke7 75. Ne5 Bc5 76. Nc4 Bf2 77. Kb8 Bg3+ 78. Ka8 Kd7 79. Nb6+ Kc6 80. Nc8 Kb5 81. Ne7 Ka6 82. Nd5 Bh2 83. Nb4+ Kb6 1/2-1/2

[Event "Haut-Richelieu"]
[Site "Saint-Luc CAN"]
[Date "1997.05.18"]
[Round "2"]
[White "Rousseau, Daniel"]
[Black "Tisseur, Daniel"]
[Result "1/2-1/2"]
[WhiteElo "1988"]
[BlackElo "1980"]
[PlyCount "76"]
[GameId "2160767911965863"]
[EventDate "1997.05.16"]
[EventType "swiss"]
[EventRounds "5"]
[EventCountry "CAN"]
[SourceTitle "hb 2011"]

1. e4 c5 2. Nf3 Nc6 3. d4 cxd4 4. Nxd4 g6 5. Nc3 Bg7 6. Nb3 Nf6 7. Be2 O-O 8. O-O a5 9. a4 Nb4 10. Bg5 d5 11. exd5 Nbxd5 12. Nxd5 Nxd5 13. Bf3 Nf6 14. Re1 Qc7 15. Qe2 e6 16. Nd4 Ng4 17. Bxg4 Bxd4 18. c3 Bg7 19. Qe3 f5 20. Bf3 f4 21. Qe4 h6 22. Qxg6 hxg5 23. Be4 Rf6 24. Qe8+ Bf8 25. Rad1 Qf7 26. Qb5 Be7 27. Qxg5+ Qg7 28. Qh5 Ra6 29. Qe5 Rf8 30. Qh5 Rd6 31. Rxd6 Bxd6 32. Qxa5 f3 33. Bxf3 Bc7 34. Qh5 Rf5 35. Qe8+ Rf8 36. Qh5 Rf5 37. Qh3 Rf6 38. Qh5 Rf5 1/2-1/2

[Event "Haut-Richelieu"]
[Site "Saint-Luc CAN"]
[Date "1997.05.18"]
[Round "3"]
[White "Fillion, Robert"]
[Black "Rousseau, Daniel"]
[Result "1-0"]
[WhiteElo "1798"]
[BlackElo "1988"]
[PlyCount "66"]
[GameId "2160767911965864"]
[EventDate "1997.05.16"]
[EventType "swiss"]
[EventRounds "5"]
[EventCountry "CAN"]
[SourceTitle "hb 2011"]

1. c4 Nf6 2. Nc3 g6 3. g3 Bg7 4. Bg2 O-O 5. e4 d6 6. Nge2 c5 7. Rb1 Nc6 8. O-O Ne8 9. a3 Nc7 10. b4 Ne6 11. d3 Rb8 12. b5 Ncd4 13. Nxd4 Nxd4 14. Ne2 b6 15. Nxd4 Bxd4 16. Bb2 Bxb2 17. Rxb2 Bb7 18. Bh3 e6 19. f4 Qf6 20. Rbf2 Qd4 21. f5 exf5 22. exf5 d5 23. f6 h6 24. cxd5 Bxd5 25. Qd2 Kh7 26. Re1 Ra8 27. Bd7 a6 28. Bc6 Bxc6 29. bxc6 Rac8 30. Re4 Qd5 31. Rh4 g5 32. Rh5 Kg6 33. g4 Qd4 1-0

[Event "Haut-Richelieu"]
[Site "Saint-Luc CAN"]
[Date "1997.05.19"]
[Round "4"]
[White "Rousseau, Daniel"]
[Black "Rousseau, Robert"]
[Result "1-0"]
[WhiteElo "1988"]
[BlackElo "1731"]
[PlyCount "52"]
[GameId "2160767911965867"]
[EventDate "1997.05.16"]
[EventType "swiss"]
[EventRounds "5"]
[EventCountry "CAN"]
[SourceTitle "hb 2011"]

1. e4 d6 2. d4 Nf6 3. Nc3 g6 4. f4 Bg7 5. Nf3 c5 6. Bb5+ Bd7 7. e5 Ng4 8. e6 Bxb5 9. exf7+ Kd7 10. Nxb5 Qa5+ 11. Nc3 cxd4 12. Nxd4 Bxd4 13. Qxd4 Nc6 14. Qd1 h5 15. h3 Nh6 16. Be3 Nf5 17. Bf2 Raf8 18. O-O Rxf7 19. a3 Qc7 20. Ne4 Kc8 21. Ng5 Rf6 22. b4 e5 23. b5 Ncd4 24. c3 Nxb5 25. Ne4 Re6 26. Qb3 Qd7 1-0

[Event "Haut-Richelieu"]
[Site "Saint-Luc CAN"]
[Date "1997.05.19"]
[Round "5"]
[White "Hudon, Paul"]
[Black "Rousseau, Daniel"]
[Result "0-1"]
[WhiteElo "1777"]
[BlackElo "1988"]
[PlyCount "66"]
[GameId "2160767911965868"]
[EventDate "1997.05.16"]
[EventType "swiss"]
[EventRounds "5"]
[EventCountry "CAN"]
[SourceTitle "hb 2011"]

1. e4 c5 2. Nc3 Nc6 3. g3 g6 4. Bg2 Bg7 5. d3 e6 6. f4 Nge7 7. Nf3 d6 8. Ne2 Qb6 9. c3 e5 10. Qc2 O-O 11. Be3 a5 12. Nd2 Be6 13. O-O f5 14. Nc4 Qc7 15. Rad1 b6 16. Qa4 Rab8 17. Na3 d5 18. Nb5 Qd7 19. fxe5 Nxe5 20. Nf4 Bf7 21. Bc1 Be8 22. c4 fxe4 23. Bh3 Qc6 24. Be6+ Kh8 25. dxe4 dxc4 26. Bxc4 Nxc4 27. Qxc4 Qxb5 28. Qe6 Nc6 29. Qd6 Bf7 30. Ne6 Bxe6 31. Rxf8+ Rxf8 32. Qxe6 Qe2 33. Qd6 Bd4+ 0-1

[Event "Hooligans op"]
[Site "London CAN"]
[Date "1997.06.10"]
[Round "4"]
[White "Rivas, Edgar"]
[Black "Bruvelaitis, Milton"]
[Result "1-0"]
[WhiteElo "1777"]
[BlackElo "1816"]
[PlyCount "51"]
[GameId "2160767911965710"]
[EventDate "1997.06.02"]
[EventType "tourn"]
[EventRounds "15"]
[EventCountry "CAN"]

1. e4 e5 2. f4 exf4 3. Nf3 g5 4. d4 d6 5. Bc4 Nc6 6. O-O Bg4 7. c3 Rb8 8. Qb3 Nh6 9. Nxg5 Qxg5 10. Bxf4 Qe7 11. Bxh6 Bxh6 12. Rxf7 Qxe4 13. Na3 Be3+ 14. Kh1 Bh3 15. Rf3 Bg4 16. Bd5 Qd3 17. Bxc6+ Kd8 18. Rd1 Qa6 19. Bb5 Qb6 20. Nc4 Bxf3 21. Nxb6 axb6 22. Rd3 Bxg2+ 23. Kxg2 Bg5 24. Rg3 c6 25. Rxg5 cxb5 26. Rg7 1-0

[Event "Hooligans op"]
[Site "London CAN"]
[Date "1997.07.07"]
[Round "9"]
[White "Zoccano, John"]
[Black "Jackson, David"]
[Result "1/2-1/2"]
[WhiteElo "1705"]
[BlackElo "2200"]
[PlyCount "91"]
[GameId "2160767911965711"]
[EventDate "1997.06.02"]
[EventType "tourn"]
[EventRounds "15"]
[EventCountry "CAN"]
[SourceTitle "CFC 1997.10"]

1. Nf3 e6 2. d4 f5 3. Bf4 Nf6 4. h3 c5 5. e3 Qb6 6. Qc1 cxd4 7. exd4 Nc6 8. c3 a5 9. a4 Be7 10. Na3 Bxa3 11. Rxa3 O-O 12. Bc4 d5 13. Rb3 Nb4 14. cxb4 dxc4 15. Qxc4 Bd7 16. b5 Nd5 17. Bd2 Rac8 18. Qd3 Qd6 19. O-O b6 20. Ra3 Rc7 21. Raa1 Rfc8 22. Rfc1 Nb4 23. Qb3 Nc2 24. Rab1 Nxd4 25. Nxd4 Qxd4 26. Be3 Rxc1+ 27. Rxc1 Rxc1+ 28. Bxc1 f4 29. Qc2 Kf7 30. Qd2 Qxd2 31. Bxd2 e5 32. b4 axb4 33. Bxb4 Ke6 34. Kf1 Kd5 35. Be7 f3 36. Bd8 Kc5 37. h4 e4 38. g3 Kb4 39. Bxb6 Kxa4 40. Bd4 Bxb5+ 41. Ke1 g6 42. Kd2 Kb4 43. Ke3 Bc6 44. Kf4 Kc4 45. Be3 h6 46. g4 1/2-1/2

[Event "Hull CC"]
[Site "Hull CAN"]
[Date "1997.03.05"]
[Round "1"]
[White "Charbonneau, Alain"]
[Black "Cote, Jacques"]
[Result "0-1"]
[WhiteElo "1950"]
[BlackElo "2309"]
[PlyCount "74"]
[GameId "2160767911966378"]
[EventDate "1997.03.05"]
[EventType "tourn"]
[EventRounds "5"]
[EventCountry "CAN"]
[SourceTitle "CFC 1998.02"]

1. d4 f5 2. c4 Nf6 3. g3 e6 4. Bg2 d5 5. Nf3 c6 6. O-O Bd6 7. b3 Qe7 8. Bb2 O-O 9. Qc1 b6 10. Ne5 Bb7 11. Nd2 c5 12. f3 Rc8 13. Qe1 cxd4 14. Bxd4 Qc7 15. Nd3 e5 16. Bb2 Nbd7 17. Rc1 d4 18. e4 dxe3 19. Qxe3 Re8 20. Kh1 f4 21. gxf4 exf4 22. Qf2 Re3 23. Bxf6 Nxf6 24. Nb2 Rae8 25. Rce1 g5 26. Nd1 Bc5 27. Nxe3 fxe3 28. Qe2 exd2 29. Qxd2 Qg7 30. Rxe8+ Nxe8 31. Qe2 Nd6 32. Bh3 Qf6 33. Bg4 Kg7 34. Rd1 Bc6 35. Kg2 Nf5 36. Bxf5 Qxf5 37. Qd3 Qg4+ 0-1

[Event "Hull CC"]
[Site "Hull CAN"]
[Date "1997.03.19"]
[Round "3"]
[White "Groleau, Gilles"]
[Black "Cote, Jacques"]
[Result "0-1"]
[WhiteElo "2056"]
[BlackElo "2309"]
[PlyCount "74"]
[GameId "2160767911966379"]
[EventDate "1997.03.05"]
[EventType "tourn"]
[EventRounds "5"]
[EventCountry "CAN"]
[SourceTitle "CFC 1997.12"]

1. e4 e5 2. Nf3 Nc6 3. Bb5 a6 4. Ba4 Nf6 5. Qe2 b5 6. Bb3 Bc5 7. a4 Bb7 8. O-O O-O 9. axb5 axb5 10. Rxa8 Qxa8 11. Nc3 Nd4 12. Nxd4 exd4 13. Nd5 Nxd5 14. exd5 c6 15. Re1 b4 16. dxc6 dxc6 17. d3 Bd6 18. Bd2 c5 19. f4 Bc6 20. Qf2 Kh8 21. g3 Re8 22. Rxe8+ Qxe8 23. Qe1 Qd7 24. Bc4 Bb7 25. h4 Qc6 26. Qe4 Qxe4 27. dxe4 Bxe4 28. Bd3 Bxd3 29. cxd3 b3 30. Ba5 c4 31. dxc4 Ba3 32. c5 Bxc5 33. Bd2 d3+ 34. Kf1 Bd4 35. Bc1 Bc3 36. bxc3 d2 37. Bxd2 b2 0-1

[Event "Jack Taylor mem"]
[Site "Victoria CAN"]
[Date "1997.11.22"]
[Round "1"]
[White "Churchill, Greg"]
[Black "Moore, Harry"]
[Result "1-0"]
[WhiteElo "1747"]
[BlackElo "2304"]
[PlyCount "115"]
[GameId "2160767911874355"]
[EventDate "1997.11.22"]
[EventType "swiss"]
[EventRounds "5"]
[EventCountry "CAN"]

1. g3 d5 2. Nf3 Nc6 3. d4 Bf5 4. a3 Qd7 5. Nc3 e5 6. dxe5 d4 7. Nb5 O-O-O 8. c3 d3 9. Be3 a6 10. Nbd4 Nxd4 11. cxd4 Qb5 12. Nh4 Be6 13. b4 g5 14. Nf3 g4 15. Nh4 Bd5 16. Bg2 dxe2 17. Qxe2 Qxe2+ 18. Kxe2 Bc4+ 19. Kd2 f6 20. Kc3 Be6 21. Rad1 c6 22. Rhe1 fxe5 23. dxe5 Rxd1 24. Rxd1 Bg7 25. Bf4 Ne7 26. Rd6 Bd5 27. Bf1 Rf8 28. Kd3 Kc7 29. Rf6 Rd8 30. Ke3 Ba2 31. Rd6 Nd5+ 32. Ke4 Re8 33. Nf5 Bf8 34. Rxd5 Bxd5+ 35. Kd4 Be6 36. Nd6 Bxd6 37. exd6+ Kd7 38. Kc5 b5 39. Bd3 h5 40. Be4 Bd5 41. Bg6 Re2 42. Bxh5 Be6 43. h4 Rc2+ 44. Kd4 Rxf2 45. Bg6 a5 46. h5 axb4 47. axb4 Rb2 48. Kc5 Rf2 49. Kd4 Rf1 50. h6 Rd1+ 51. Kc3 Bg8 52. h7 Bxh7 53. Bxh7 Rd5 54. Be4 Rh5 55. Kd4 Ke6 56. Bxc6 Rf5 57. d7 Rf8 58. Bc7 1-0

[Event "Jack Taylor mem"]
[Site "Victoria CAN"]
[Date "1997.11.22"]
[Round "1"]
[White "Sauve, Ronald"]
[Black "Kostadinov, George"]
[Result "0-1"]
[WhiteElo "1712"]
[BlackElo "2239"]
[PlyCount "78"]
[GameId "2160767911874356"]
[EventDate "1997.11.22"]
[EventType "swiss"]
[EventRounds "5"]
[EventCountry "CAN"]

1. d4 c5 2. d5 f5 3. g3 Nf6 4. Bg2 g6 5. Nc3 d6 6. e4 Bg7 7. Nge2 O-O 8. O-O Na6 9. Kh1 Nc7 10. a4 fxe4 11. Bxe4 Nxe4 12. Nxe4 Bh3 13. Re1 Bg4 14. Kg1 Qd7 15. f4 Bd4+ 16. Nf2 Nxd5 17. c3 Bxf2+ 18. Kxf2 Nf6 19. Kg1 Qc6 20. f5 Nh5 21. Qb3+ c4 22. Nd4 cxb3 23. Nxc6 bxc6 24. fxg6 e5 25. gxh7+ Kxh7 26. Re4 Nf6 27. Rc4 Be2 28. Rh4+ Kg6 29. Rh6+ Kg7 30. Rh4 Ng4 31. Bd2 Rh8 32. Rxh8 Rxh8 33. h4 Kg6 34. Re1 Bd3 35. Be3 Nxe3 36. Rxe3 e4 37. Kf2 Rf8+ 38. Kg2 Kh5 39. Re1 Kg4 0-1

[Event "Jack Taylor mem"]
[Site "Victoria CAN"]
[Date "1997.11.22"]
[Round "2"]
[White "Small, Hugh"]
[Black "Scoones, Dan"]
[Result "0-1"]
[WhiteElo "1824"]
[BlackElo "2270"]
[PlyCount "52"]
[GameId "2160767911874357"]
[EventDate "1997.11.22"]
[EventType "swiss"]
[EventRounds "5"]
[EventCountry "CAN"]

1. d4 d6 2. Nf3 g6 3. Bg5 Bg7 4. c3 Nf6 5. Nbd2 h6 6. Bh4 g5 7. Bg3 Nh5 8. e3 Nxg3 9. fxg3 e6 10. Qc2 Qe7 11. O-O-O Nc6 12. e4 Bd7 13. Bb5 O-O 14. h4 g4 15. Ne1 Nxd4 16. cxd4 Bxb5 17. Nb3 a5 18. d5 c5 19. dxc6 Rfc8 20. Qd2 Bxc6 21. Kb1 Bxe4+ 22. Ka1 a4 23. Nc1 a3 24. Ncd3 axb2+ 25. Nxb2 d5 26. Rc1 Rxa2+ 0-1

[Event "Jack Taylor mem"]
[Site "Victoria CAN"]
[Date "1997.11.22"]
[Round "3"]
[White "Scoones, Dan"]
[Black "Kostadinov, George"]
[Result "1/2-1/2"]
[WhiteElo "2270"]
[BlackElo "2239"]
[PlyCount "27"]
[GameId "2160767911874358"]
[EventDate "1997.11.22"]
[EventType "swiss"]
[EventRounds "5"]
[EventCountry "CAN"]

1. e4 d6 2. d4 Nd7 3. Nc3 Ngf6 4. Nf3 e5 5. Bc4 Be7 6. O-O O-O 7. Re1 c6 8. a4 Qc7 9. b3 exd4 10. Nxd4 Ne5 11. Be2 Re8 12. Bb2 Bf8 13. Qd2 a5 14. Rad1 1/2-1/2

[Event "Jack Taylor mem"]
[Site "Victoria CAN"]
[Date "1997.11.23"]
[Round "4"]
[White "Aquino, Manfrei"]
[Black "Small, Hugh"]
[Result "1-0"]
[WhiteElo "1992"]
[BlackElo "1824"]
[PlyCount "111"]
[GameId "2160767911874359"]
[EventDate "1997.11.22"]
[EventType "swiss"]
[EventRounds "5"]
[EventCountry "CAN"]

1. d4 Nf6 2. c4 e5 3. dxe5 Ng4 4. Bf4 Nc6 5. Nf3 Bb4+ 6. Nbd2 Qe7 7. e3 Ngxe5 8. Nxe5 Nxe5 9. Be2 Bd6 10. O-O Ng6 11. Bxd6 Qxd6 12. Qc2 Qe7 13. c5 O-O 14. Rfd1 Re8 15. Nf3 Ne5 16. Nxe5 Qxe5 17. Bf3 c6 18. Rd6 b6 19. Rc1 Qxc5 20. Qxc5 bxc5 21. Rxc5 Rb8 22. b3 Re6 23. Rd1 g6 24. e4 Kf8 25. Rc4 Ke7 26. Rcd4 d6 27. Bg4 Rf6 28. Bxc8 Rxc8 29. e5 dxe5 30. Rd7+ Ke8 31. Rxa7 Rd8 32. Rxd8+ Kxd8 33. Kf1 Kc8 34. Re7 Rf5 35. Ke2 Kd8 36. Ra7 h5 37. Ke3 Ke8 38. Rc7 Rf6 39. f3 g5 40. Rc8+ Kd7 41. Rg8 g4 42. fxg4 hxg4 43. Rxg4 Kd6 44. h4 Rh6 45. g3 f5 46. Rc4 Rg6 47. Kf2 Kd5 48. a4 c5 49. a5 e4 50. Ra4 Kc6 51. a6 Rg8 52. a7 Kb7 53. a8=Q+ Rxa8 54. Rxa8 Kxa8 55. h5 Kb7 56. h6 1-0

[Event "Jack Taylor mem"]
[Site "Victoria CAN"]
[Date "1997.11.23"]
[Round "4"]
[White "Kostadinov, George"]
[Black "Moore, Harry"]
[Result "1/2-1/2"]
[WhiteElo "2239"]
[BlackElo "2304"]
[PlyCount "29"]
[GameId "2160767911874360"]
[EventDate "1997.11.22"]
[EventType "swiss"]
[EventRounds "5"]
[EventCountry "CAN"]

1. d4 Nf6 2. c4 c5 3. d5 b5 4. cxb5 a6 5. bxa6 Bxa6 6. Nc3 d6 7. g3 g6 8. Bg2 Bg7 9. Nf3 Nbd7 10. h3 O-O 11. O-O Nb6 12. Re1 Ra7 13. e4 Nfd7 14. Bf4 Qc7 15. Qa4 1/2-1/2

[Event "Jack Taylor mem"]
[Site "Victoria CAN"]
[Date "1997.11.23"]
[Round "4"]
[White "Scoones, Dan"]
[Black "Neufahrt, Gerhard"]
[Result "1-0"]
[WhiteElo "2270"]
[BlackElo "2101"]
[PlyCount "45"]
[GameId "2160767911874361"]
[EventDate "1997.11.22"]
[EventType "swiss"]
[EventRounds "5"]
[EventCountry "CAN"]

1. e4 g6 2. d4 Bg7 3. Nc3 d6 4. f4 Nd7 5. Nf3 e6 6. Be3 Ne7 7. Qd2 b6 8. O-O-O Bb7 9. Bd3 Nf6 10. Kb1 a6 11. h3 b5 12. a3 Nd7 13. Rhf1 c5 14. dxc5 dxc5 15. e5 Nf5 16. Be4 Nxe3 17. Qxe3 Bxe4 18. Nxe4 Qc7 19. Nd6+ Ke7 20. Ng5 h6 21. Ngxf7 Rhb8 22. Qe4 Nf8 23. g4 1-0

[Event "Jean-Pierre Roy mem-A"]
[Site "Hull CAN"]
[Date "1997.10.21"]
[Round "1"]
[White "Groleau, Gilles"]
[Black "Arsenault, Michel"]
[Result "1-0"]
[WhiteElo "1973"]
[BlackElo "1827"]
[PlyCount "55"]
[GameId "2160767911935914"]
[EventDate "1997.10.21"]
[EventType "tourn"]
[EventRounds "5"]
[EventCountry "CAN"]

1. e4 c5 2. Nf3 e6 3. Be2 Nc6 4. O-O Nf6 5. Nc3 d5 6. exd5 exd5 7. d4 cxd4 8. Nxd4 Bd6 9. h3 Qb6 10. Nb3 d4 11. Bf3 Ne5 12. Nd5 Nxf3+ 13. Qxf3 Nxd5 14. Qxd5 Be6 15. Qxd4 Qc7 16. Qa4+ Bd7 17. Re1+ Kf8 18. Qd4 Rd8 19. c3 Bxh3 20. Qxa7 Bg4 21. Be3 Qe7 22. Bc5 Qg5 23. Bxd6+ Rxd6 24. Qb8+ Rd8 25. Qg3 Qh5 26. Re5 f5 27. f3 Rd3 28. fxg4 1-0

[Event "Jean-Pierre Roy mem-A"]
[Site "Hull CAN"]
[Date "1997.10.21"]
[Round "1"]
[White "Van Adel, Steven"]
[Black "Charbonneau, Alain"]
[Result "1/2-1/2"]
[WhiteElo "1821"]
[BlackElo "1904"]
[PlyCount "115"]
[GameId "2160767911935915"]
[EventDate "1997.10.21"]
[EventType "tourn"]
[EventRounds "5"]
[EventCountry "CAN"]

1. d4 Nf6 2. Nf3 e6 3. c4 d5 4. g3 c6 5. Bg2 Nbd7 6. O-O Bd6 7. Nbd2 O-O 8. e4 dxe4 9. Ng5 e5 10. Ndxe4 Nxe4 11. Nxe4 Bc7 12. d5 cxd5 13. cxd5 Re8 14. Qb3 Bb6 15. Be3 Bxe3 16. fxe3 Nb6 17. Nc5 Qd6 18. Ne4 Qd8 19. Nc5 Qd6 20. Rac1 Rb8 21. Ne4 Qd8 22. h4 h6 23. Nc5 Qd6 24. e4 Bd7 25. Nxd7 Nxd7 26. Qf3 Re7 27. Rc2 Nf6 28. Bh3 Rc7 29. Rcf2 Rf8 30. g4 Rc4 31. Re1 Qb4 32. Rfe2 Nh7 33. Rf1 Qe7 34. Qg3 Nf6 35. Qf3 Nh7 36. Qf2 b6 37. Rd1 Rd8 38. a3 Nf6 39. Qf3 Nd7 40. b3 Qc5+ 41. Qf2 Rc1 42. Rxc1 Qxc1+ 43. Kh2 Qxa3 44. g5 hxg5 45. Bxd7 Rxd7 46. Rc2 Qe7 47. h5 Rc7 48. Rc6 Rxc6 49. dxc6 Qc7 50. Qc2 Kf8 51. Qc4 Ke7 52. Qb4+ Qd6 53. Qa4 Kd8 54. Qxa7 Qxc6 55. Qxf7 Qxe4 56. Qg8+ Ke7 57. Qxg7+ Ke6 58. Qh6+ 1/2-1/2

[Event "Jean-Pierre Roy mem-A"]
[Site "Hull CAN"]
[Date "1997.10.28"]
[Round "2"]
[White "Charbonneau, Alain"]
[Black "Arsenault, Michel"]
[Result "0-1"]
[WhiteElo "1904"]
[BlackElo "1827"]
[PlyCount "44"]
[GameId "2160767911935916"]
[EventDate "1997.10.21"]
[EventType "tourn"]
[EventRounds "5"]
[EventCountry "CAN"]

1. d4 Nf6 2. c4 e6 3. Nf3 d5 4. cxd5 Qxd5 5. Nc3 Bb4 6. e3 O-O 7. Bd2 Bxc3 8. Bxc3 b6 9. Qc2 Bb7 10. b3 Nbd7 11. Bd3 c5 12. Rd1 Rac8 13. dxc5 Qxc5 14. Rc1 Nd5 15. Bd2 Qxc2 16. Bxc2 Ba6 17. Nd4 Nc5 18. f3 Rfd8 19. e4 Nb4 20. Bxb4 Nd3+ 21. Kd2 Nxb4 22. Ke3 Rc3+ 0-1

[Event "Jean-Pierre Roy mem-A"]
[Site "Hull CAN"]
[Date "1997.11.04"]
[Round "3"]
[White "Arsenault, Michel"]
[Black "Cote, Jacques"]
[Result "0-1"]
[WhiteElo "1827"]
[BlackElo "2087"]
[PlyCount "38"]
[GameId "2160767911935917"]
[EventDate "1997.10.21"]
[EventType "tourn"]
[EventRounds "5"]
[EventCountry "CAN"]

1. c4 e6 2. e4 c5 3. Nc3 Nc6 4. Nf3 Nf6 5. d4 cxd4 6. Nxd4 Bb4 7. Nxc6 bxc6 8. Bd3 Qc7 9. Bd2 Rb8 10. O-O Bd6 11. f4 e5 12. Rb1 exf4 13. Qc1 g5 14. g3 Qb6+ 15. Kg2 Qd4 16. Qc2 Ng4 17. gxf4 gxf4 18. e5 Rg8 19. exd6 Ne3+ 0-1

[Event "Jean-Pierre Roy mem-A"]
[Site "Hull CAN"]
[Date "1997.11.11"]
[Round "4"]
[White "Arsenault, Michel"]
[Black "Van Adel, Steven"]
[Result "1-0"]
[WhiteElo "1827"]
[BlackElo "1821"]
[PlyCount "67"]
[GameId "2160767911935918"]
[EventDate "1997.10.21"]
[EventType "tourn"]
[EventRounds "5"]
[EventCountry "CAN"]

1. Nf3 f5 2. d4 Nf6 3. Bg5 g6 4. Bxf6 exf6 5. e3 d5 6. Bd3 Be6 7. Nbd2 Nc6 8. a3 Qd7 9. Nb3 a6 10. Qe2 Kf7 11. Rc1 Re8 12. O-O f4 13. Nc5 Qc8 14. Nxe6 Qxe6 15. c4 Kg7 16. cxd5 Qxd5 17. e4 Qd7 18. Rc2 Bd6 19. Rfc1 Re7 20. Rc4 Rhe8 21. Qc2 Nd8 22. e5 fxe5 23. dxe5 Rxe5 24. Nxe5 Rxe5 25. Rd1 Qe7 26. h3 Nc6 27. Qc3 Kg8 28. f3 Bc5+ 29. Kh1 Nd4 30. Rxd4 Bxd4 31. Bc4+ Kf8 32. Qxd4 Re1+ 33. Kh2 Qh4 34. Qh8+ 1-0

[Event "Jean-Pierre Roy mem-A"]
[Site "Hull CAN"]
[Date "1997.11.11"]
[Round "4"]
[White "Voloaca, Mihnea"]
[Black "Groleau, Gilles"]
[Result "1-0"]
[WhiteElo "1952"]
[BlackElo "1973"]
[PlyCount "61"]
[GameId "2160767911935919"]
[EventDate "1997.10.21"]
[EventType "tourn"]
[EventRounds "5"]
[EventCountry "CAN"]

1. e4 c5 2. Nf3 e6 3. d4 cxd4 4. Nxd4 Nf6 5. Bd3 Nc6 6. Be3 d5 7. exd5 exd5 8. O-O Be7 9. Nf5 Bxf5 10. Bxf5 O-O 11. c3 Qc7 12. Nd2 Rad8 13. Nf3 Rfe8 14. Qa4 g6 15. Bc2 b5 16. Qxb5 Rb8 17. Qa6 Rxb2 18. Ba4 Rc8 19. Qxc6 Qxc6 20. Bxc6 Rxc6 21. Rfd1 Rc2 22. Nd4 R6xc3 23. Nxc2 Rxc2 24. Bxa7 Ba3 25. f3 h5 26. Bd4 Nd7 27. Rd3 Bd6 28. a4 Rc4 29. a5 Nb8 30. a6 Rxd4 31. a7 1-0

[Event "Jean-Pierre Roy mem-A"]
[Site "Hull CAN"]
[Date "1997.11.18"]
[Round "5"]
[White "Arsenault, Michel"]
[Black "Voloaca, Mihnea"]
[Result "1/2-1/2"]
[WhiteElo "1827"]
[BlackElo "1952"]
[PlyCount "94"]
[GameId "2160767911935920"]
[EventDate "1997.10.21"]
[EventType "tourn"]
[EventRounds "5"]
[EventCountry "CAN"]

1. c4 Nf6 2. Nc3 g6 3. g3 Bg7 4. Bg2 O-O 5. Nf3 d6 6. O-O c5 7. d3 Nc6 8. a3 e5 9. Bg5 h6 10. Bxf6 Qxf6 11. Rb1 Be6 12. Nd2 Qd8 13. b4 Qd7 14. bxc5 dxc5 15. Nd5 b6 16. e3 Bh3 17. Qc2 Bxg2 18. Kxg2 f5 19. h3 Rf7 20. Nb3 Raf8 21. f4 Ne7 22. Nc3 exf4 23. gxf4 Bxc3 24. Qxc3 Qe6 25. Rbe1 g5 26. Qe5 Qg6 27. fxg5 hxg5 28. Qg3 f4 29. exf4 gxf4 30. Qxg6+ Nxg6 31. d4 Nh4+ 32. Kf2 cxd4 33. Nxd4 Rd7 34. Nf3 Nxf3 35. Kxf3 Rd3+ 36. Kg4 Rg3+ 37. Kh4 Rxa3 38. Re4 f3 39. Rf2 Rc3 40. Kg3 a5 41. Rg4+ Kf7 42. Rxf3+ Rxf3+ 43. Kxf3 Ke6+ 44. Ke4 Kd6 45. Kd4 Rf3 46. Rg6+ Kc7 47. c5 bxc5+ 1/2-1/2

[Event "Jean-Pierre Roy mem-A"]
[Site "Hull CAN"]
[Date "1997.11.18"]
[Round "5"]
[White "Groleau, Gilles"]
[Black "Charbonneau, Alain"]
[Result "1/2-1/2"]
[WhiteElo "1973"]
[BlackElo "1904"]
[PlyCount "70"]
[GameId "2160767911935921"]
[EventDate "1997.10.21"]
[EventType "tourn"]
[EventRounds "5"]
[EventCountry "CAN"]

1. e4 c5 2. Nf3 Nc6 3. Bb5 g6 4. O-O Bg7 5. c3 Nf6 6. Re1 O-O 7. d4 cxd4 8. cxd4 d5 9. e5 Ne4 10. Nbd2 Nxd2 11. Bxd2 Bg4 12. Bc3 a6 13. Be2 b5 14. b3 Rc8 15. h3 Bxf3 16. Bxf3 Nxe5 17. dxe5 Rxc3 18. Qxd5 Qc7 19. Rad1 Rc2 20. a4 b4 21. Qd7 Qc5 22. Qd4 Rc8 23. Qxc5 R8xc5 24. Rd8+ Bf8 25. Bd5 e6 26. Bc4 a5 27. f4 Kg7 28. Rd7 R5xc4 29. bxc4 Rxc4 30. g3 Bc5+ 31. Kg2 Rc2+ 32. Kf3 b3 33. Rd3 b2 34. Rb1 Rf2+ 35. Ke4 Re2+ 1/2-1/2

[Event "Jean-Pierre Roy mem-B"]
[Site "Hull CAN"]
[Date "1997.10.21"]
[Round "1"]
[White "Duquette, Patrick"]
[Black "Gagne, Marc-Jean"]
[Result "1-0"]
[WhiteElo "1726"]
[BlackElo "1455"]
[PlyCount "50"]
[GameId "2160767911935922"]
[EventDate "1997.10.21"]
[EventType "swiss"]
[EventRounds "5"]
[EventCountry "CAN"]

1. d4 d6 2. c4 c5 3. dxc5 Qa5+ 4. Nc3 Qxc5 5. e4 Nf6 6. Be2 Nc6 7. Be3 Qe5 8. Nf3 Qe6 9. Nd5 Nxd5 10. exd5 Qg4 11. dxc6 Qxg2 12. Rg1 Qh3 13. Qa4 b6 14. Bxb6 g6 15. Bd4 f6 16. Rd1 Bg7 17. Rg3 Qe6 18. Ng5 Qg8 19. Ne4 Qf7 20. c5 O-O 21. cxd6 e5 22. d7 Kh8 23. Bc5 f5 24. Bc4 fxe4 25. Bxf7 Rxf7 1-0

[Event "Jean-Pierre Roy mem-B"]
[Site "Hull CAN"]
[Date "1997.10.21"]
[Round "1"]
[White "Gautron, Denis"]
[Black "Covacs, Alexandre"]
[Result "0-1"]
[WhiteElo "1392"]
[BlackElo "1736"]
[PlyCount "65"]
[GameId "2160767911935923"]
[EventDate "1997.10.21"]
[EventType "swiss"]
[EventRounds "5"]
[EventCountry "CAN"]

1. e4 Nf6 2. e5 Nd5 3. d4 d6 4. Nf3 Bg4 5. c4 Nb6 6. exd6 Qxd6 7. c5 Qe6+ 8. Be3 Nd5 9. Ng5 Qd7 10. Qb3 c6 11. Bc4 h6 12. Ne4 e6 13. O-O Be7 14. Nbd2 O-O 15. Bxh6 gxh6 16. Qg3 f5 17. Nc3 Kh7 18. Nxd5 cxd5 19. Bd3 Rg8 20. Rae1 Nc6 21. f3 Bh5 22. Qh3 Bg6 23. Nb3 Bf6 24. Bb5 a6 25. Bxc6 bxc6 26. Re2 Bf7 27. f4 Rg4 28. Qd3 Qc7 29. g3 a5 30. Rg2 a4 31. Nc1 Qa5 32. h3 Rg7 33. Re1 0-1